The magic inside (my little pony) - lyrics - Statistics

General Stats
  • This quiz has been taken 11 times
  • The average score is 195 of 226
Answer Stats
Answer % Correct
a
100%
all
100%
am
100%
and
100%
And
100%
But
100%
but
100%
from
100%
hear
100%
heart
100%
I
100%
I'm
100%
in
100%
just
100%
Just
100%
know
100%
magic
100%
make
100%
mistakes
100%
my
100%
oh
100%
pony
100%
real
100%
that
100%
That
100%
time
100%
to
100%
true
100%
who
100%
you
100%
cause
83%
finally
83%
here
83%
inside
83%
it
83%
it's
83%
let
83%
like
83%
line
83%
me
83%
now
83%
of
83%
on
83%
put
83%
show
83%
so
83%
stay
83%
the
83%
was
83%
clearly
67%
did
67%
For
67%
glam
67%
had
67%
is
67%
off
67%
out
67%
stars
67%
still
67%
strong
67%
thought
67%
told
67%
veil
67%
voice
67%
weak
67%
wrong
67%
before
50%
believed
50%
belong
50%
bold
50%
eyes
50%
feel
50%
glitz
50%
more
50%
right
50%
see
50%
sold
50%
than
50%
There's
50%
They
50%
they
50%
things
50%
Throw
50%
were
50%
what
50%
world
50%
align
33%
changed
33%
colors
33%
has
33%
those
33%
back
17%
No matching quizzes found
Score Distribution
Percent of People with Each Score
Percentile by Number Answered
Your Score History
You have not taken this quiz